| Tag |
First Indicator |
Second Indicator |
Subfields |
| LEADER |
00000cam a2200000 i 4500 |
| 001 |
in00004286421 |
| 005 |
20210125090833.0 |
| 008 |
200519t20202020enka b 001 0 eng |
| 010 |
|
|
|a 2020019050
|
| 020 |
|
|
|a 9781350156708
|q paperback
|
| 020 |
|
|
|a 1350156701
|q paperback
|
| 020 |
|
|
|a 9781784538545
|q hardcover
|
| 020 |
|
|
|a 178453854X
|q hardcover
|
| 020 |
|
|
|z 9781350156715
|q electronic publication
|
| 020 |
|
|
|z 9781350156722
|q electronic book
|
| 035 |
|
|
|a (OCoLC)on1130899803
|
| 040 |
|
|
|a DLC
|e rda
|c DLC
|d UtOrBLW
|
| 043 |
|
|
|a e-gr---
|
| 049 |
|
|
|a TXAM
|
| 050 |
0 |
0 |
|a CB245
|b .M579 2020
|
| 082 |
0 |
0 |
|a 909/.09821
|2 23
|
| 100 |
1 |
|
|a Momigliano, Nicoletta,
|e author.
|0 http://id.loc.gov/authorities/names/nr94036535
|
| 245 |
1 |
0 |
|a In search of the labyrinth :
|b the cultural legacy of Minoan Crete /
|c Nicoletta Momigliano.
|
| 264 |
|
1 |
|a London ;
|a New York :
|b Bloomsbury Academic,
|c [2020]
|
| 264 |
|
4 |
|c ©2020
|
| 300 |
|
|
|a xv, 362 pages :
|b illustrations ;
|c 25 cm.
|
| 336 |
|
|
|a text
|b txt
|2 rdacontent
|
| 337 |
|
|
|a unmediated
|b n
|2 rdamedia
|
| 338 |
|
|
|a volume
|b nc
|2 rdacarrier
|
| 490 |
1 |
|
|a New directions in classics
|
| 504 |
|
|
|a Includes bibliographical references and index.
|
| 505 |
0 |
|
|a Introduction: desperately seeking Ariadne- the cultural legacy of Minoan Crete -- Sons of Europa : from medical remedies for constipation to bestiality, sexually transmitted death, and the dawn of the Minoan Age (from antiquity to mid-19th c.) -- Rediscovering European origins : Ariadne as the Great Mother Goddess (mid-19th century-World War I) -- Minoans and World Wars (c. 1915-1949) : the Aryan revenge -- The Minoans in the Cold War and the swinging sixties : from the end of the Greek civil war to the end of the Colonels' dictatorship (c. 1949-1974) -- Minoan paradises lost and regained : from cannibalism to postmodernism (c. 1975-1999) -- Minoan cultural legacies : every age has the Minoans it deserves and desires.
|
| 520 |
|
|
|a In Search of the Labyrinth explores the enduring cultural legacy of Minoan Crete by offering an overview of Minoan archaeology and modern responses to it in literature, the visual and performing arts and other cultural practices. The focus is on the twentieth century, and on responses that involve a clear engagement with the material culture of Minoan Crete, not just with mythological narratives in Classical sources, as illustrated by the works of novelists, poets, avantgarde artists, couturiers, musicians, philosophers, architects, film directors and even psychoanalysts, from Sigmund Freud and Marcel Proust to D.H. Lawrence, Cecil Day-Lewis, Oswald Spengler, Nikos Kazantzakis, Robert Graves, André Gide, Mary Renault, Christa Wolf, Don DeLillo, Rhea Galanaki, Léon Bakst, Marc Chagall, Mariano Fortuny, Robert Wise, Martin Heidegger, Karl Lagerfeld and Harrison Birtwistle, among many others. The volume also explores the fascination with things Minoan in antiquity and in the present millennium, from Minoan-inspired motifs decorating pottery of the Greek Early Iron Age, to uses of the Minoans in twenty-first-century music, poetry, fashion and other media.
|
| 650 |
|
0 |
|a Civilization, Western
|x Classical influences.
|0 http://id.loc.gov/authorities/subjects/sh85026489
|
| 650 |
|
0 |
|a Civilization, Modern
|x Classical influences.
|
| 650 |
|
0 |
|a Minoans
|z Greece
|z Crete.
|
| 651 |
|
0 |
|a Crete (Greece)
|x Civilization.
|0 http://id.loc.gov/authorities/subjects/sh86003304
|
| 650 |
|
0 |
|a Minoans
|z Greece
|z Crete
|x Antiquities.
|
| 830 |
|
0 |
|a New directions in classics.
|0 http://id.loc.gov/authorities/names/no2012137311
|
| 945 |
|
|
|b 629280
|
| 947 |
|
|
|a A14850735193
|
| 948 |
|
|
|a cataloged
|b h
|c 2020/10/28
|d c
|e dmitchel
|f 11:20:10 am
|
| 994 |
|
|
|a 92
|b TXA
|
| 999 |
f |
f |
|s c1f1e1c5-627c-3a9a-bea5-d23b37703666
|i 6ecbe01d-2b59-3906-8671-a3791a998ed1
|t 0
|
| 952 |
f |
f |
|p normal
|a Texas A&M University
|b College Station
|c Sterling C. Evans Library
|d Evans: Library Stacks
|t 0
|e CB245 .M579 2020
|h Library of Congress classification
|i unmediated -- volume
|m A14850735193
|
| 998 |
f |
f |
|a CB245 .M579 2020
|t 0
|l Evans: Library Stacks
|